Foods that Start with N - Statistics

General Stats
  • This quiz has been taken 39,508 times
    15,223 since last reset
  • The average score is 6 of 11
Answer Stats
Picture Hint Answer % Correct
brand name of spread Nutella
98%
Nachos
97%
Nectarine
86%
the bread Naan
82%
brand of candy Nerds
73%
type of candy Nougat
51%
Japanese word Nori
49%
Nutmeg
48%
{Napa} Cabbage
29%
{Navy} Beans
24%
the little dots Nonpareils
11%
No matching quizzes found
Score Distribution
Percent of People with Each Score
Percentile by Number Answered
Your Score History
You have not taken this quiz since the last reset